Government and politics in tribal societies.

Saved in:
Bibliographic Details
Main Author: Schapera, I. (Isaac), 1905-
Format: Book
Language:English
Published: London : Watts, [1956]
Subjects:
LEADER 00779nam a2200205ra 4500
001 c000347245
003 CARM
005 00000000000000.0
008 851003s1956 enk 00000 eng d
019 1 |a 22619381  |z 3972248  |z 27999488  |5 LACONCORD2021 
035 |a (OCoLC)223163  |5 LACONCORD2021 
100 1 |a Schapera, I.  |q (Isaac),  |d 1905- 
245 1 0 |a Government and politics in tribal societies. 
260 |a London :  |b Watts,  |c [1956] 
300 |a 238 p. 
650 0 |a Tribal government  |z South Africa. 
650 0 |a Indigenous peoples  |z South Africa. 
852 8 |b CARM  |h A1:AO05G0  |i B08033  |p 0356703  |f BK 
999 f f |i 855be427-7e76-5b3b-94db-9cecb39c6083  |s 243877fc-e8c9-560f-afed-801814f75195 
952 f f |p Can circulate  |a CAVAL  |b CAVAL  |c CAVAL  |d CARM 1 Store  |e B08033  |f A1:AO05G0  |h Other scheme  |i book  |m 0356703